Pokemon commençant par la lettre A - Gen 1 à 9 - Statistiques

Statistiques générales
  • Ce quiz a été pris 88 fois
    87 depuis la dernière actualisation
  • Le résultat moyen est 27 sur 47
Statistiques - réponses
Réponse % Correct
Abra
89%
Alakazam
82%
Abo
77%
Amonita
75%
Amonistar
74%
Apireine
74%
Arbok
74%
Apitrini
72%
Arceus
72%
Aéroptéryx
68%
Artikodin
68%
Arkéapti
67%
Aquali
65%
Arcanin
65%
Aspicot
65%
Aflamanoir
61%
Akwakwak
61%
Anorith
60%
Armaldo
60%
Arakdo
58%
Aéromite
56%
Azurill
56%
Altaria
54%
Azumarill
54%
Aligatueur
53%
Ama-Ama
53%
Amovénus
53%
Archéduc
53%
Archéodong
53%
Archéomire
53%
Anchwatt
51%
Amphinobi
49%
Angoliath
49%
Arboliva
49%
Arcko
49%
Absol
47%
Amagara
47%
Araqua
47%
Axoloto
47%
Airmure
42%
Astronelle
42%
Arrozard
40%
Ampibidou
39%
Armulys
39%
Avaltout
39%
Argouste
37%
Amassel
19%
Aucun quiz correspondant
Distribution des résultats
% des personnes avec chaque résultat
Percentile par nombre de réponses
Votre historique - résultats
Vous n’avez pas pris ce quiz depuis la dernière actualisation